| 000 | 01481nam a2200361 i 4500 | ||
|---|---|---|---|
| 001 | 195511 | ||
| 003 | SpMaBN | ||
| 005 | 20250625063213.0 | ||
| 007 | ta | ||
| 008 | 240620s1963 sp spa | ||
| 016 | 7 |
_abimoBNE19981503582 _zIND9200348729 _2SpMaBN |
|
| 017 |
_aM 3875-1958 _bOficina Depósito Legal Madrid |
||
| 035 | _a(OCoLC)431885222 | ||
| 035 | _abimo0000905665 | ||
| 040 |
_aSpMaBN _bspa _cA2 _dES-MaACL |
||
| 080 | _a86-6"19" | ||
| 100 | 1 |
_aGarciasol, Ramón de, _d1913-1994 _0XX940939 _eaut _9236221 |
|
| 245 | 1 | 0 |
_aCorreo para la muerte / _cRamón de Garciasol |
| 260 |
_a[Madrid : _bs.n.], _c1963. _f(Imp. del Boletin Oficial del Estado) |
||
| 300 |
_a13 p. ; _c24 cm |
||
| 336 |
_2rdacontent _atexto |
||
| 337 |
_2rdamedia _asin mediación |
||
| 338 |
_2rdacarrier _avolumen |
||
| 500 | _aTirada aparte de "Cuadernos hispanoamericanos", abril de 1963, vol. 160 | ||
| 655 | 0 |
_9235124 _aCartas |
|
| 655 | 7 |
_2tgfbne _9234409 _aNovelas biográficas |
|
| 852 |
_aES-MaACL _cDEPOF _jFOLL-BUE-43 _gDedicatoria manuscrita del autor, Ramón de Garciasol, para Antonio Buero Vallejo en el reverso de cubierta: "Para Tony, fraterno, con el mejor abrazo y devoción de [firma y rúbrica]". _hLegado: Antonio Buero Vallejo _9203721 |
||
| 903 |
_932421 _aBuero Vallejo, Antonio, _q1 _d1916-2000 _ednr |
||
| 942 |
_n0 _cFOLLETOS |
||
| 999 |
_c195511 _d195511 |
||